000 00571nam a22001817a 4500
005 20171212123506.0
010 _aENG-121847
020 _a9789386288165
_c395.00
035 _aEN-105379
037 _bDBAD/PUB
082 _aN
100 _aHale,Roger R
245 _aNew watering holes :
_bbranda wong south asian art history and u c berkeley /
_cby Roger R.Hale
260 _aNew Delhi
_bKnowledge World Publishers
_c2017
270 _a4676/21,First Floor,Ansari Road
_bDaryaganj, New Delhi
_e110002
300 _aviii,277p.
_c20cm(pbk)
942 _2ddc
_cEN
_hN
_mHAL
999 _c147959
_d147959